01428nam a2200325 a 4500001001000000003000500010005001700015008004100032010001100073011001100084040000900095090001000104100004600114245016700160260004100327500006000368502008700428590004000515590004000555650004000595650004000635650003900675856007000714901000700784942001000791942000600801999001900807952014000826952013600966000111606CHAP20220329144221.0150619s2015 mx a fsm |||||||spa d a108067 a109039 cCHAP aTesis1 aZárate Sánchez, Karla Adriana912951510aConsumo de agua potable para uso doméstico en San Miguel Tlaixpan, municipio de Texcoco, Estado de Méxicoh[En línea]cpor Karla Adriana Zárate Sánchez. aChapingo, Méx. :bEl autor,c2015. aPara ver el contenido del material haga clic en la liga aTesis (Ing. en Restauración Forestal) -- UACH. División de Ciencias Forestales aE6096MTMb05c20150619lUCH01h1114 aE6096MTMb05c20150619lUCH01h112114aAgua potablexAbastecimiento.9244314aAgua potablexMéxico (Edo.)9244914aAgua potablexUtilización.92452 aFinding aiduhttp://10.13.5.2/tesis/sist111606.pdfzTeclea aquí aBK cTESIS n0 c108067d108067 00102local4053708TESISaBCbBCcPA_TESISd2015-06-19fTESISl0oTesisp33724002502743r2019-12-31 00:00:00tc.2w2019-12-31yTESIS 00104054718TESISaBCbBCd2015-06-19fTESISl0oTesisp33724002502785r2019-12-31 00:00:00w2019-12-31yTESISzRecien adquirido